000 00887cab a2200241 4500
001 ABS52387
008 090401t1995 xxu||||| |||| 00| 0 eng d
035 _a(Sirsi) u75565
041 _aeng
100 _aHoare, S.
245 _aPrivate finance: let`s work together
260 _c1995
350 _a0
490 _aConstruction News
_v(6401) 9 February 1995, 16-17(2)
520 _aA number of contractors are putting together design, build, finance and operate packages, to bid for roadbuilding contracts as part of the government`s private finance initiative. DBFO schemes are also being sought for prison and hospital building schemes.
650 _aDBFO SCHEMES
650 _aDESIGN BUILD FINANCE AND OPERATE SCHEMES
650 _aPRIVATE FINANCE INITIATIVE
650 _aROADBUILDING
690 _aTRANSPORT AND COMMUNICATIONS
942 _n0
948 _c04/03/1997
999 _c47542
_d47542